000 00788nas a2200289 4500
001 BR9103755
003 BR-BrBNA
005 20231205092132.0
007 ta
008 230509b bl.|||p| |||| 00| 00por d
040 _aBR-BrBNA
_bpor
_cBiblioteca Nacional de Agricultura
041 _a(Pt)
072 _aH10; H20
100 1 _aD'Antonio, A.M.
245 1 _aUma operacao: controle de varios problemas [cafe]
650 _aCAFE
650 _aDOENCA DE PLANTA
650 _aPRAGA DE PLANTA
650 _aFERRUGEM
650 _aBICHO MINEIRO
650 _aCIGARRA
650 _aINSETICIDA
650 _aERRADICACAO
773 0 _tCorreio Agricola (Brazil)
_xISSN 0100-3909
_g1988, no. 3 p.7-9
_wBR9103755
909 _a202311
_bLúcia
_c55
_dLúcia Elande
942 _2AGRIS
_n0
_cANA
999 _c129590
_d129590